000 00653cam a2200241 a 4500
001 4329200
005 20180118071130.0
008 880706s1989 nyua b 001 0 eng c
010 _a 88022423
020 _a0080355560 :
_c$22.50 (est.)
020 _a0080355552 (pbk.) :
_c$12.95 (est.)
040 _aDNLM/DLC
_cDLC
_dDLC
041 _aeng
060 _aWD 210 L449a
080 _a616.39806 MIC
082 0 0 _a616.39806 MIC
_219
100 1 _a3
101 _aSHM
245 1 0 _aAdult obesity therapy /
_cMichael D. LeBow.
504 _aBibliography: p. 119-126.
906 _a7
_bcbc
_corignew
_d1
_eocip
_f19
_gy-gencatlg
942 _2ddc
_cBK
999 _c40471
_d40471